| 000 | 00507nam a2200157 4500 | ||
|---|---|---|---|
| 001 | 126889 | ||
| 003 | ES-MaACL | ||
| 005 | 20230906192911.0 | ||
| 007 | t| | ||
| 008 | 070214s1930 po r ||||1| por d | ||
| 100 | 1 |
_aRibeiro, Emanuel. _996753 |
|
| 245 | 1 | 0 |
_aLivro íntimo _b: o pintor portuense Joaquim Vitorino Ribeiro : notas de arte e de amor / _cEmanuel Ribeiro. |
| 260 |
_aPorto : _bEmp. Ind. Gráfica do Porto, _c1930. |
||
| 300 |
_a20 p., 14 lám. ; _c19 x 12 cm. |
||
| 852 |
_aES-MaACL _j1738-F-18 |
||
| 999 |
_c126889 _d126889 |
||